| 000 | 00375nam a2200097Ia 4500 | ||
|---|---|---|---|
| 008 | 220204s9999 xx 000 0 und d | ||
| 082 |
_a62(083.74)AST1976 _bANN |
||
| 245 | 0 | _a1976 Annual book of ASTM standards. Pt 15. Road and paving materials: Bituminous materials for highway construction, waterproofing and roofing and pipe | |
| 260 |
_aPhiladelphia _bASTM _c1976 |
||
| 942 | _cBK | ||
| 999 |
_c26396 _d26396 |
||